QUIZ SUL TRONO DI SPADE - Statistics

Statistiche generali
  • Questo quiz è stato fatto 551 volte
  • Il punteggio medio è 10 su 15
Statistiche sulle risposte
Domanda Risposta % Corretto
Che cos'è Bran Stark? Corvo con tre occhi
96%
Da dove è nata Daenerys Targaryen? Dalla tempesta
96%
Chi è l'ultimo figlio di Cat e Ned? Rickon Stark
88%
Dove scappa Arya Stark nella sesta stagione? Braavos
87%
Come si chiama i drago di Aegon il conquistatore? Balerion
80%
Quali sono i nomi delle Serpi delle Sabbie? Tyene, Obara, Nymeria
80%
Chi è l'attuale lord di Alto Giardino? Bronn
77%
Chi dice a Jon che è un Targaryen? Samwell Tarly
69%
Qual'è il dolce preferito di Sansa Stark Torta al limone
68%
Da quale casata proviene la moglie di Edmure Tully? Frey
67%
Come si sarebbe dovuto chiamare il figlio di Daenerys e Khal Drogo? Rhaego
66%
Chi uccide Robb Stark durante le nozze rosse? Roose Bolton
66%
Come si chiamava la madre di Ned? Lyarra
53%
Come si chiama la spada di Ned? Ghiaccio
44%
Da quale cosa era originario il Re della Notte? Bolton
5%
Nessun quiz corrispondente trovato
Distribuzione punteggi
Percentuale di utenti per punteggio
Percentile per numero di risposta
I tuoi punteggi nel tempo
Non hai fatto questo quiz